ਸੁਗੰਧ ਸਮੀਰ / (Record no. 71973)
[ view plain ]
| 000 -LEADER | |
|---|---|
| fixed length control field | 00770nam a22002537a 4500 |
| 005 - DATE AND TIME OF LATEST TRANSACTION | |
| control field | 2009080405165.0 |
| 008 - FIXED-LENGTH DATA ELEMENTS--GENERAL INFORMATION | |
| fixed length control field | 090728t xxu||||| |||| 00| 0 pun d |
| 010 ## - LCCN (DPL NO) | |
| LC control number | PUN-7504 |
| 020 ## - INTERNATIONAL STANDARD BOOK NUMBER | |
| Terms of availability | 60.00 |
| International Standard Book Number | 9788182992559 |
| 035 ## - SYSTEM CONTROL NUMBER | |
| System control number | PN-6622 |
| 037 ## - SOURCE OF ACQUISITION | |
| Source of stock number/acquisition | DBAD / PUB/Arsee Publishers |
| 040 ## - CATALOGING SOURCE | |
| Original cataloging agency | dpl |
| Language of cataloging | PN |
| 082 ## - DEWEY DECIMAL CLASSIFICATION NUMBER | |
| Classification number | 851 |
| 100 ## - MAIN ENTRY--PERSONAL NAME | |
| 9 (RLIN) | 37323 |
| Personal name | ਬੰਦਾ ਬਲਵੰਤ |
| 245 ## - TITLE STATEMENT | |
| Title | ਸੁਗੰਧ ਸਮੀਰ / |
| Statement of responsibility, etc | ਬੰਦਾ ਬਲਵੰਤ |
| 246 ## - VARYING FORM OF TITLE | |
| Title proper/short title | Sugandh Sameer |
| Remainder of title | by Bandha Balwant |
| 260 ## - PUBLICATION, DISTRIBUTION, ETC. (IMPRINT) | |
| Place of publication, distribution, etc | Delhi |
| Name of publisher, distributor, etc | Arsee Publishers |
| Date of publication, distribution, etc | 2012 |
| 270 ## - ADDRESS | |
| City | Chandni Chonk |
| Address | Delhi |
| Telephone number | 23280657 |
| Postal code | 110006 |
| 300 ## - PHYSICAL DESCRIPTION | |
| Extent | 103ਪਂ; |
| Other physical details | 22ਸੇਂਮੀ(ਸਜਿਲਦ) |
| 650 ## - SUBJECT ADDED ENTRY--TOPICAL TERM | |
| 9 (RLIN) | 37324 |
| 650 ## - SUBJECT ADDED ENTRY--TOPICAL TERM | |
| 9 (RLIN) | 37325 |
| 700 ## - ADDED ENTRY--PERSONAL NAME | |
| 9 (RLIN) | 53424 |
| 942 ## - ADDED ENTRY ELEMENTS (KOHA) | |
| Source of classification or shelving scheme | Dewey Decimal Classification |
| Item type | Punjabi Bks |
| Classification part | 851 |
| Call number suffix | ਬੰਦਾਬ |
No items available.
